LEADER 02474nam 2200589 450 001 9910460090203321 005 20200520144314.0 010 $a1-4438-6648-2 035 $a(CKB)3710000000230404 035 $a(EBL)1780287 035 $a(SSID)ssj0001411175 035 $a(PQKBManifestationID)12004731 035 $a(PQKBTitleCode)TC0001411175 035 $a(PQKBWorkID)11401761 035 $a(PQKB)11502301 035 $a(MiAaPQ)EBC1780287 035 $a(Au-PeEL)EBL1780287 035 $a(CaPaEBR)ebr10928490 035 $a(CaONFJC)MIL640996 035 $a(OCoLC)890530426 035 $a(EXLCZ)993710000000230404 100 $a20140919h20132013 uy 0 101 0 $aeng 135 $aur|n|---||||| 181 $ctxt 182 $cc 183 $acr 200 00$aFrontiers of distance learning in business education /$fedited by Hooman Estelami 210 1$aNewcastle upon Tyne, England :$cCambridge Scholars Publishing,$d2013. 210 4$dİ2013 215 $a1 online resource (217 p.) 300 $aDescription based upon print version of record. 311 $a1-322-09745-3 311 $a1-4438-4452-7 320 $aIncludes bibliographical references at the end of each chapters. 327 $aTABLE OF CONTENTS; PREFACE; CHAPTER ONE; CHAPTER TWO; CHAPTER THREE; CHAPTER FOUR; CHAPTER FIVE; CHAPTER SIX; CHAPTER SEVEN ; CHAPTER EIGHT ; CHAPTER NINE; CHAPTER TEN; CHAPTER ELEVEN ; CONTRIBUTORS 330 $aDistance education and online learning are interchangeable terms used to describe the delivery of educational content, whereby the student and the instructor are separated by geography, time, or both. Within the domain of business education, approximately one-third of all business schools offer online business programs, and many more are expected to follow in this direction. Considerable attention is therefore being given by business educators to the refinement of pedagogical approaches in th... 606 $aBusiness education$xStudy and teaching 606 $aBusiness education 606 $aDistance education 608 $aElectronic books. 615 0$aBusiness education$xStudy and teaching. 615 0$aBusiness education. 615 0$aDistance education. 676 $a650.07 801 0$bMiAaPQ 801 1$bMiAaPQ 801 2$bMiAaPQ 906 $aBOOK 912 $a9910460090203321 996 $aFrontiers of distance learning in business education$91986837 997 $aUNINA LEADER 03690nam 2200637 a 450 001 9910778691303321 005 20210622042604.0 010 $a1-282-39926-8 010 $a9786612399268 010 $a90-474-4344-6 024 7 $a10.1163/ej.9789004168114.i-155 035 $a(CKB)1000000000821861 035 $a(EBL)468273 035 $a(OCoLC)593231970 035 $a(SSID)ssj0000334954 035 $a(PQKBManifestationID)11256950 035 $a(PQKBTitleCode)TC0000334954 035 $a(PQKBWorkID)10270977 035 $a(PQKB)10489043 035 $a(MiAaPQ)EBC468273 035 $a(OCoLC)221960444 035 $a(nllekb)BRILL9789047443445 035 $a(Au-PeEL)EBL468273 035 $a(CaPaEBR)ebr10363893 035 $a(CaONFJC)MIL239926 035 $a(PPN)184923964 035 $a(EXLCZ)991000000000821861 100 $a20080327d2008 uy 0 101 0 $aeng 135 $aurcn||||||||| 181 $ctxt 182 $cc 183 $acr 200 10$aAudun and the polar bear$b[electronic resource] $eluck, law, and largesse in a medieval tale of risky business /$fby William I. Miller 210 $aLeiden ;$aBoston $cBrill$d2008 215 $a1 online resource (167 p.) 225 1 $aMedieval law and its practice,$x1873-8176 ;$vv. 1 300 $aDescription based upon print version of record. 311 $a90-04-16811-7 320 $aIncludes bibliographical references (p. [147]-152) and index. 327 $aSome technical matters : dates, origin, versions -- The story of Audun from the Westfjords (Audun's story) -- The commitment to plausibility -- Helping Thorir and buying the bear -- Dealing with King Harald -- Giving the bear to Svein : the interests in the bear -- Saying no to kings -- Eggs in one basket and market value -- Rome : self-impoverishment and self-confidence -- Repaying the bear -- Back to Harald : the yielding of accounts -- Audun's luck -- Richness and risk -- -- Motives -- Gaming the system : gift-ref -- Regiving and reclaiming gifts -- Relevant law -- Serious scarcity, self-interest and Audun's mother -- In the gift vs. in on the gift -- Gifts upward : repaying by receiving and funny money -- The obligation to accept -- Giving up and down hierarchies : of god(s), beggars, and equals -- Nadad and Abihu : sacrifice, caprice, and binding god and kings -- Funny money that is not so funny -- Of free and closing gifts -- Coda : the whiteness of the bear. 330 $aAudun?s Story is the tale of an Icelandic farmhand who buys a polar bear in Greenland for no other reason than to give it to the Danish king, half a world away. It can justly be listed among the finest pieces of short fiction in world literature. Terse in the best saga style, it spins a story of complex competitive social action, revealing the cool wit and finely-calibrated reticence of its three main characters: Audun, Harald Hardradi, and King Svein. The tale should have much to engage legal and cultural historians, anthropologists, economists, philosophers, and students of literature. The story?s treatment of gift-exchange is worthy of the fine anthropological and historical writing on gift-exchange; its treatment of face-to-face interaction a match for Erving Goffman. 410 0$aMedieval law and its practice ;$vv. 1. 606 $aLaw, Scandinavian$vSources 606 $aSagas 615 0$aLaw, Scandinavian 615 0$aSagas. 676 $a839/.63 701 $aMiller$b William Ian$f1946-$0222661 801 0$bMiAaPQ 801 1$bMiAaPQ 801 2$bMiAaPQ 906 $aBOOK 912 $a9910778691303321 996 $aAudun and the polar bear$93844328 997 $aUNINA